[Event "Bad Woerishofen op"]
[Site "?"]
[Date "2000.??.??"]
[Round "7"]
[White "Borchert, Reinhard"]
[Black "Malik, Heinz"]
[Result "1-0"]
[WhiteElo "1840"]
[BlackElo "1708"]
[Annotator "ChessOrg"]
[PlyCount "91"]
[EventDate "2000.??.??"]
[Source "ChessBase"]
[SourceDate "1998.04.29"]

1. d4 d5 2. Nf3 Nf6 3. c4 e6 4. Nc3 Be7 5. Bf4 c6 6. h3 b6 7. e3 Nbd7 8. cxd5
exd5 9. Bd3 O-O 10. O-O Bb7 11. Qc2 h6 12. a3 c5 13. dxc5 Nxc5 14. Rfd1 Ne6 15.
Bh2 Rc8 16. Bf5 Bd6 17. Qd3 Bxh2+ 18. Nxh2 Qe7 19. Nf3 Rfd8 20. Nd4 Nc5 21. Qe2
Ra8 22. Rac1 Bc8 23. b4 Ne6 24. Nc6 Qe8 25. Nxd8 Qxd8 26. Qd2 Bb7 27. Nb5 a6
28. Bxe6 axb5 29. Bf5 Qe7 30. Qc3 g6 31. Qc7 Re8 32. Bd3 Qxc7 33. Rxc7 Bc8 34.
Bxb5 Rf8 35. Rdc1 Be6 36. Rb7 Kg7 37. Rxb6 Ne4 38. Rc7 Kf6 39. a4 Nd2 40. a5
Nc4 41. Bxc4 dxc4 42. Rxc4 Rd8 43. Rc7 Rd1+ 44. Kh2 Rd2 45. a6 Rxf2 46. a7 1-0

[Event "Bad Woerishofen op"]
[Site "?"]
[Date "2000.??.??"]
[Round "9"]
[White "Borchert, Reinhard"]
[Black "Fischer, Ernst"]
[Result "0-1"]
[WhiteElo "1840"]
[BlackElo "2198"]
[Annotator "ChessOrg"]
[PlyCount "80"]
[EventDate "2000.??.??"]
[Source "ChessBase"]
[SourceDate "1998.04.29"]

1. d4 d5 2. Nf3 Nc6 3. e3 Bg4 4. Be2 Nf6 5. O-O e6 6. a3 Be7 7. c4 O-O 8. Nc3
a6 9. b4 Nb8 10. Ne5 Bxe2 11. Qxe2 c6 12. Bb2 Nbd7 13. c5 Nxe5 14. dxe5 Nd7 15.
Nd1 f6 16. Qg4 fxe5 17. Qxe6+ Kh8 18. Rb1 Rf6 19. Qg4 Rg6 20. Qe2 e4 21. f4
exf3 22. Rxf3 Bf6 23. e4 Bxb2 24. Rxb2 Re6 25. Nf2 dxe4 26. Rf7 Qe8 27. Rf4 Nf6
28. Ng4 Nd5 29. Rf1 e3 30. Rb3 h5 31. Nxe3 Rxe3 32. Rxe3 Qxe3+ 33. Qxe3 Nxe3
34. Rf7 Rb8 35. Rd7 Kg8 36. Kf2 Nd5 37. Kg3 Nf6 38. Rc7 Ne8 39. Rd7 Nf6 40. Rc7
Kh7 0-1

[Event "Bad Woerishofen op"]
[Site "?"]
[Date "2000.??.??"]
[Round "2"]
[White "Borger, Martin"]
[Black "Knab, Horst"]
[Result "1/2-1/2"]
[WhiteElo "1760"]
[BlackElo "1556"]
[Annotator "ChessOrg"]
[PlyCount "120"]
[EventDate "2000.??.??"]
[Source "ChessBase"]
[SourceDate "1998.04.29"]

1. e4 g6 2. d4 Bg7 3. Nf3 d6 4. c3 Nf6 5. Bd3 Nbd7 6. O-O O-O 7. h3 c5 8. Be3
b6 9. Nbd2 Bb7 10. d5 Rc8 11. c4 h5 12. Bf4 Nh7 13. Rb1 Ne5 14. Nxe5 dxe5 15.
Bh2 e6 16. Nf3 f6 17. Re1 Qe7 18. Qc2 Rcd8 19. Rbd1 Bc8 20. Qe2 g5 21. Nd2 Qf7
22. Bb1 Kh8 23. Nf1 exd5 24. exd5 g4 25. hxg4 hxg4 26. Bxh7 Kxh7 27. Qd3+ Kh8
28. Qg3 Qh5 29. Qd3 Bf5 30. Ng3 Bxd3 31. Nxh5 Bxc4 32. Nxg7 Kxg7 33. d6 Rd7 34.
b3 Be6 35. Rd2 Rfd8 36. Red1 Bf5 37. Bg3 Kf7 38. Bh4 Ke6 39. Kf1 Rh8 40. g3
Rhd8 41. Ke2 Be4 42. Rc1 Bf3+ 43. Ke3 Rxd6 44. Rxd6+ Rxd6 45. a3 Rd4 46. a4
Re4+ 47. Kd3 Re2 48. Kc4 Rb2 49. Rc3 Bd5+ 50. Kd3 Bxb3 51. a5 Bd5 52. axb6 axb6
53. Ke3 Bf3 54. Ra3 Re2+ 55. Kd3 Rxf2 56. Ra7 e4+ 57. Ke3 Rb2 58. Ra8 Rb3+ 59.
Kf4 e3 60. Re8+ Kd5 1/2-1/2

[Event "Bad Woerishofen op"]
[Site "?"]
[Date "2000.??.??"]
[Round "4"]
[White "Borger, Martin"]
[Black "Girod, Gudrun"]
[Result "1-0"]
[WhiteElo "1760"]
[BlackElo "1500"]
[Annotator "ChessOrg"]
[PlyCount "27"]
[EventDate "2000.??.??"]
[Source "ChessBase"]
[SourceDate "1998.04.29"]

1. e4 e5 2. d4 d6 3. dxe5 dxe5 4. Qxd8+ Kxd8 5. Nf3 Nc6 6. Bc4 f6 7. Be3 b6 8.
O-O Bb7 9. Rd1+ Bd6 10. Nc3 Nb4 11. Bb3 a6 12. Bxb6 cxb6 13. Rxd6+ Kc8 14. Rad1
1-0

[Event "Bad Woerishofen op"]
[Site "?"]
[Date "2000.??.??"]
[Round "6"]
[White "Borger, Martin"]
[Black "Turboust, Roger"]
[Result "1/2-1/2"]
[WhiteElo "1760"]
[BlackElo "1870"]
[Annotator "ChessOrg"]
[PlyCount "85"]
[EventDate "2000.??.??"]
[Source "ChessBase"]
[SourceDate "1998.04.29"]

1. e4 e5 2. d4 c6 3. Nf3 Nf6 4. dxe5 Nxe4 5. Bd3 Nc5 6. O-O Nxd3 7. Qxd3 Be7 8.
Nc3 O-O 9. Ne4 Na6 10. Nd6 Nc5 11. Qc4 Ne6 12. Rd1 b5 13. Qd3 Bxd6 14. Qxd6 f5
15. Nd4 Qe8 16. f4 Nxd4 17. Rxd4 Rf6 18. Qb4 Rg6 19. Rd6 a5 20. Qb3+ Re6 21.
Be3 a4 22. Qd3 Rxd6 23. Qxd6 Qf7 24. Bc5 Ba6 25. a3 Qc4 26. c3 Qxf4 27. Qxd7
Rc8 28. Qe6+ Kh8 29. Rd1 h6 30. Qe7 b4 31. cxb4 Bc4 32. Rd8+ Kh7 33. Rd1 Bd5
34. Re1 Qg4 35. Kf2 Qxg2+ 36. Ke3 f4+ 37. Kd3 Qf3+ 38. Kd2 Bc4 39. Qd7 Rg8 40.
Qf5+ Kh8 41. Qe4 Rd8+ 42. Bd6 Qb3 43. Qc2 1/2-1/2

[Event "Bad Woerishofen op"]
[Site "?"]
[Date "2000.??.??"]
[Round "8"]
[White "Borger, Martin"]
[Black "Hausner, Alfreda"]
[Result "1-0"]
[WhiteElo "1760"]
[BlackElo "1670"]
[Annotator "ChessOrg"]
[PlyCount "105"]
[EventDate "2000.??.??"]
[Source "ChessBase"]
[SourceDate "1998.04.29"]

1. e4 e6 2. d4 d5 3. e5 Qd7 4. Nf3 b6 5. Bd3 Ba6 6. O-O Bxd3 7. Qxd3 c5 8. c3
cxd4 9. cxd4 Ne7 10. Nc3 Ng6 11. h4 Be7 12. h5 Nf8 13. Ng5 h6 14. Nh3 Nc6 15.
Nf4 Nh7 16. a3 O-O 17. Re1 Bg5 18. Nh3 Bxc1 19. Raxc1 Rac8 20. Nb5 Na5 21. Nd6
Rxc1 22. Rxc1 Nb7 23. Nxb7 Qxb7 24. Qc3 Rb8 25. f4 Nf8 26. Nf2 Qe7 27. Qc7 Re8
28. g3 f5 29. exf6 gxf6 30. Ng4 Kg7 31. Kf2 Nh7 32. Kf3 Kf8 33. Nxh6 Qxc7 34.
Rxc7 Re7 35. Rc8+ Re8 36. Rxe8+ Kxe8 37. Ng4 Ke7 38. Ne3 Kd6 39. Ng4 a6 40. Ke3
Ke7 41. Nf2 f5 42. g4 fxg4 43. Nxg4 Kd6 44. Kf3 Ke7 45. Kg3 Kd6 46. Kh4 Ke7 47.
h6 Kf7 48. Kh5 b5 49. b4 Nf8 50. Ne5+ Kf6 51. Kg4 Ng6 52. h7 Nh8 53. Nd7+ 1-0

[Event "Bad Woerishofen op"]
[Site "?"]
[Date "2000.??.??"]
[Round "2"]
[White "Braeu, Emmi"]
[Black "Niebuhr, Gerd"]
[Result "0-1"]
[WhiteElo "1488"]
[BlackElo "1833"]
[Annotator "ChessOrg"]
[PlyCount "62"]
[EventDate "2000.??.??"]
[Source "ChessBase"]
[SourceDate "1998.04.29"]

1. d4 Nf6 2. c4 g6 3. g3 Bg7 4. Bg2 O-O 5. Nc3 d6 6. e4 Nc6 7. Nf3 Bg4 8. Be3
e5 9. d5 Nd4 10. Bxd4 exd4 11. Qxd4 Nxe4 12. Qd3 Nxc3 13. bxc3 Re8+ 14. Kd1 Qf6
15. h3 Bf5 16. Qd4 Qe7 17. Qd2 Bh6 18. Qe1 Qf6 19. Nd4 Rxe1+ 20. Rxe1 Bd3 21.
f4 Qd8 22. Bf1 Bxf1 23. Rxf1 c5 24. dxc6 bxc6 25. Kc2 c5 26. Nb3 Qd7 27. g4 Re8
28. Rad1 Qa4 29. Kb1 Qxc4 30. f5 Re2 31. Rfe1 Qe4+ 0-1

[Event "Bad Woerishofen op"]
[Site "?"]
[Date "2000.??.??"]
[Round "4"]
[White "Braeu, Emmi"]
[Black "Wulf, Adalbert"]
[Result "1-0"]
[WhiteElo "1488"]
[BlackElo "1790"]
[Annotator "ChessOrg"]
[PlyCount "187"]
[EventDate "2000.??.??"]
[Source "ChessBase"]
[SourceDate "1998.04.29"]

1. d4 Nf6 2. c4 e5 3. e3 e4 4. Nc3 Bb4 5. Bd2 Bxc3 6. Bxc3 O-O 7. Ne2 d5 8.
cxd5 Nxd5 9. Qc2 Re8 10. Ng3 Qe7 11. Bc4 c6 12. O-O a5 13. Rac1 g6 14. a3 h5
15. Bxd5 cxd5 16. Qd2 Nc6 17. Rc2 h4 18. Ne2 h3 19. g3 g5 20. f3 exf3 21. Rxf3
Bg4 22. Rf2 Qe4 23. Rc1 Re6 24. Rcf1 Rae8 25. Nf4 R6e7 26. Nd3 a4 27. Nc5 Qxe3
28. Qxe3 Rxe3 29. Nxa4 f5 30. Nb6 Kf7 31. Nxd5 R3e4 32. Rd2 Rd8 33. Nb4 Nxd4
34. Bxd4 Rexd4 35. Rc2 R8d7 36. Re1 Rd1 37. Rc1 Rxe1+ 38. Rxe1 Rd2 39. Rc1 Bf3
40. Rc2 Rd1+ 41. Kf2 Be4 42. Re2 g4 43. Ke3 Ke6 44. Kf4 Rf1+ 45. Ke3 Kd6 46.
Rd2+ Kc5 47. Nd3+ Kc4 48. Nf2 Bb1 49. Rd4+ Kc5 50. b4+ Kb5 51. Rd7 Kc6 52. Rd4
Re1+ 53. Kd2 Re7 54. a4 Rd7 55. Rxd7 Kxd7 56. Nd3 Kd6 57. Nf4 Ke5 58. Ke3 b6
59. a5 bxa5 60. bxa5 Be4 61. Nd3+ Kd6 62. a6 Kc7 63. Nc5 Bc6 64. Kf4 Kb6 65.
Ne6 Kxa6 66. Nd4 Bd7 67. Nxf5 Kb6 68. Nh6 Kc5 69. Nxg4 Kd6 70. Nf2 Ke7 71. g4
Kf6 72. Nxh3 Bc6 73. g5+ Kg6 74. Nf2 Bd7 75. h4 Kh5 76. Kg3 Bf5 77. Nh3 Kg6 78.
Nf4+ Kh7 79. h5 Be4 80. Ne6 Bf5 81. Nd4 Bd7 82. Kf4 Be8 83. Kg4 Bd7+ 84. Kh4
Bc8 85. Nf3 Bf5 86. Ne5 Be6 87. h6 Bb3 88. Kh5 Bd1+ 89. Ng4 Bc2 90. Nf6+ Kh8
91. Ne8 Ba4 92. Nd6 Kg8 93. Kg6 Bb3 94. h7+ 1-0

[Event "Bad Woerishofen op"]
[Site "?"]
[Date "2000.??.??"]
[Round "6"]
[White "Braeu, Emmi"]
[Black "Schampel, Arno"]
[Result "0-1"]
[WhiteElo "1488"]
[BlackElo "1807"]
[Annotator "ChessOrg"]
[PlyCount "120"]
[EventDate "2000.??.??"]
[Source "ChessBase"]
[SourceDate "1998.04.29"]

1. d4 g6 2. g3 Bg7 3. Bg2 Nf6 4. c4 O-O 5. Nf3 d6 6. Nc3 Na6 7. O-O c6 8. Re1
Qa5 9. Bd2 Qc7 10. Rc1 Bg4 11. h3 Bd7 12. e4 e5 13. Be3 Rfe8 14. Qc2 Qc8 15.
Kh2 Nb4 16. Qb1 exd4 17. Nxd4 Re7 18. a3 Na6 19. b4 Nc7 20. Nde2 Qf8 21. Bf4
Nfe8 22. Qd3 Rd8 23. Bxd6 Nxd6 24. Qxd6 Bxh3 25. Qc5 Bxg2 26. Kxg2 a6 27. Red1
Rxd1 28. Rxd1 Ne6 29. Qb6 Be5 30. Rd3 h5 31. Qe3 Kg7 32. f4 Bxc3 33. Nxc3 Qe8
34. Qd2 f6 35. f5 Ng5 36. Rd8 Qf7 37. Qd3 Nh7 38. Ne2 g5 39. Nc3 Nf8 40. Qd6
Re8 41. Rxe8 Qxe8 42. Qc7+ Qf7 43. Qxf7+ Kxf7 44. a4 Ke7 45. Ne2 Kd6 46. Kf3
Nd7 47. Ke3 Ke5 48. Nd4 c5 49. bxc5 Nxc5 50. Nf3+ Kd6 51. Kd4 Nd7 52. Nd2 h4
53. gxh4 gxh4 54. Nf3 h3 55. Nh2 b6 56. Ng4 Ne5 57. Nh2 Kc6 58. Ke3 Nxc4+ 59.
Kf3 Ne5+ 60. Kg3 b5 0-1

[Event "Bad Woerishofen op"]
[Site "?"]
[Date "2000.??.??"]
[Round "8"]
[White "Braeu, Emmi"]
[Black "Kahler, Kurt"]
[Result "0-1"]
[WhiteElo "1488"]
[BlackElo "1756"]
[Annotator "ChessOrg"]
[PlyCount "106"]
[EventDate "2000.??.??"]
[Source "ChessBase"]
[SourceDate "1998.04.29"]

1. d4 d5 2. c4 e5 3. dxe5 d4 4. Nf3 Nc6 5. g3 Bg4 6. Bg2 Qd7 7. Nbd2 O-O-O 8.
O-O Bh3 9. Qa4 Bxg2 10. Kxg2 Kb8 11. Ne4 h5 12. Rd1 Be7 13. h4 f6 14. Bf4 fxe5
15. Bxe5 Nxe5 16. Qxd7 Nxd7 17. Nxd4 Ndf6 18. Ng5 Nh6 19. Nge6 Rd7 20. Rd3 c5
21. Nf3 Rxd3 22. exd3 Nf5 23. Re1 Ng4 24. Nxg7 Nxg7 25. Rxe7 Nf5 26. Rd7 Re8
27. Rd5 Nge3+ 28. fxe3 Nxe3+ 29. Kf2 Nxd5 30. cxd5 Rd8 31. Ke3 Rxd5 32. Ke4 Rd6
33. b3 b5 34. Ne5 Kc7 35. g4 hxg4 36. h5 Rd4+ 37. Ke3 Rd5 38. Nxg4 Rxh5 39. Nf2
Rh2 40. a3 a5 41. Ne4 Kc6 42. Nc3 Rb2 43. b4 cxb4 44. axb4 Rxb4 45. Kd2 a4 46.
Kc2 a3 47. Kc1 Kc5 48. Na2 Rb2 49. Nc3 Kb4 50. Nd1 Ra2 51. d4 Kb3 52. Ne3 Re2
53. Nd5 a2 0-1

[Event "Bad Woerishofen op"]
[Site "?"]
[Date "2000.??.??"]
[Round "2"]
[White "Braeu, Ludwig"]
[Black "Kasueschke, Gregor"]
[Result "1/2-1/2"]
[WhiteElo "1830"]
[BlackElo "2030"]
[Annotator "ChessOrg"]
[PlyCount "96"]
[EventDate "2000.??.??"]
[Source "ChessBase"]
[SourceDate "1998.04.29"]

1. c4 c6 2. e4 d5 3. exd5 cxd5 4. d4 Nf6 5. Nc3 e6 6. c5 Be7 7. Bd3 O-O 8. Nf3
b6 9. b4 a5 10. Na4 Nfd7 11. a3 axb4 12. axb4 bxc5 13. bxc5 Bf6 14. Bb2 Nc6 15.
O-O Ba6 16. Re1 Bxd3 17. Qxd3 Qc7 18. Qd2 Na5 19. Qc2 Qc6 20. Nd2 Bg5 21. Bc3
Bxd2 22. Bxd2 Nc4 23. Nb2 Nxb2 24. Qxb2 Rab8 25. Qc2 Nb6 26. Bf4 Ra8 27. h4 Nc4
28. h5 Ra6 29. h6 g6 30. Qe2 Rfa8 31. Rxa6 Qxa6 32. Be5 Ra7 33. g4 Qc8 34. g5
Qd8 35. Bf6 Qc7 36. Rb1 Rb7 37. Rxb7 Qxb7 38. Qa2 Qc8 39. Qb3 e5 40. Bxe5 Nxe5
41. dxe5 Qxc5 42. Qb8+ Qf8 43. Qc7 d4 44. Qd7 d3 45. Qxd3 Qe7 46. Qe3 Kf8 47.
Qf4 Ke8 48. Qf6 Qb4 1/2-1/2

[Event "Bad Woerishofen op"]
[Site "?"]
[Date "2000.??.??"]
[Round "4"]
[White "Braeu, Ludwig"]
[Black "Litterst, Reinhard"]
[Result "1/2-1/2"]
[WhiteElo "1830"]
[BlackElo "1940"]
[Annotator "ChessOrg"]
[PlyCount "52"]
[EventDate "2000.??.??"]
[Source "ChessBase"]
[SourceDate "1998.04.29"]

1. c4 Nf6 2. Nf3 d6 3. d4 g6 4. g3 Bg7 5. Bg2 O-O 6. O-O c6 7. Nc3 Qc7 8. h3 e5
9. e4 exd4 10. Nxd4 Nbd7 11. Be3 Re8 12. Qc2 Nf8 13. Rac1 Nh5 14. Rfd1 Be5 15.
Nce2 Ne6 16. Nxe6 Bxe6 17. g4 Ng7 18. f4 Bf6 19. g5 Be7 20. Nd4 Qc8 21. Nxe6
Qxe6 22. Bd4 Bf8 23. Qd2 Nh5 24. Re1 Bg7 25. Bxg7 Nxg7 26. b3 Rad8 1/2-1/2

[Event "Bad Woerishofen op"]
[Site "?"]
[Date "2000.??.??"]
[Round "6"]
[White "Braeu, Ludwig"]
[Black "Richter, Gerhard"]
[Result "1/2-1/2"]
[WhiteElo "1830"]
[BlackElo "1926"]
[Annotator "ChessOrg"]
[PlyCount "91"]
[EventDate "2000.??.??"]
[Source "ChessBase"]
[SourceDate "1998.04.29"]

1. c4 f5 2. g3 Nf6 3. Bg2 d6 4. d4 g6 5. d5 Bg7 6. Nh3 Nbd7 7. Nc3 Ne5 8. b3 c5
9. Bb2 O-O 10. Qc2 Nh5 11. e3 Rb8 12. O-O a6 13. Nf4 Nf6 14. Qe2 Qa5 15. Ne6
Bxe6 16. dxe6 b5 17. f4 Neg4 18. h3 Nh6 19. Nd5 Qd8 20. Rab1 Ne8 21. g4 fxg4
22. hxg4 Bxb2 23. Rxb2 bxc4 24. Qxc4 Nxg4 25. Qxa6 Nc7 26. Qe2 Nf6 27. Nxc7
Qxc7 28. e4 c4 29. Rc1 Qa7+ 30. Kh2 cxb3 31. Rxb3 Rxb3 32. axb3 Rb8 33. e5 dxe5
34. fxe5 Nh5 35. b4 Qd4 36. Rc4 Qd8 37. Qf3 Qf8 38. Qxf8+ Kxf8 39. Bc6 Ng7 40.
Bd7 Nf5 41. b5 Ne3 42. Rf4+ Kg8 43. Bc6 Nf5 44. Ra4 Ng7 45. Bd7 Kf8 46. b6
1/2-1/2

[Event "Bad Woerishofen op"]
[Site "?"]
[Date "2000.??.??"]
[Round "8"]
[White "Braeu, Ludwig"]
[Black "Dinser, Hans"]
[Result "0-1"]
[WhiteElo "1830"]
[BlackElo "1939"]
[Annotator "ChessOrg"]
[PlyCount "62"]
[EventDate "2000.??.??"]
[Source "ChessBase"]
[SourceDate "1998.04.29"]

1. c4 e5 2. Nc3 Nc6 3. Nf3 Nf6 4. d4 exd4 5. Nxd4 Bb4 6. g3 O-O 7. Bg2 Re8 8.
O-O Bxc3 9. bxc3 Ne4 10. Qc2 Nc5 11. Rd1 Qf6 12. Ba3 Ne6 13. e3 a6 14. Rab1
Ned8 15. c5 Ne5 16. Qb3 Ndc6 17. Qa4 h5 18. Bc1 Qg6 19. e4 Rb8 20. f4 Ng4 21.
h3 Nf6 22. Nf5 d5 23. cxd6 Bxf5 24. exf5 Qxf5 25. Bxc6 Qc5+ 26. Kf1 b5 27. Bxb5
axb5 28. Qd4 Qc6 29. d7 Qh1+ 30. Kf2 Qh2+ 31. Kf3 Qe2# 0-1

[Event "Bad Woerishofen op"]
[Site "?"]
[Date "2000.??.??"]
[Round "1"]
[White "Buchner, Matthias"]
[Black "Wild, Gerhard"]
[Result "0-1"]
[WhiteElo "1683"]
[BlackElo "1973"]
[Annotator "ChessOrg"]
[PlyCount "90"]
[EventDate "2000.??.??"]
[Source "ChessBase"]
[SourceDate "1998.04.29"]

1. e4 c5 2. Nf3 e6 3. d4 cxd4 4. c3 dxc3 5. Nxc3 d6 6. Bc4 a6 7. O-O Ne7 8. Be3
Ng6 9. Qd2 Be7 10. a3 O-O 11. Rac1 Bd7 12. b4 Nc6 13. Rfd1 b5 14. Ba2 Rc8 15.
Ne2 Nce5 16. Nxe5 Nxe5 17. h3 Nc4 18. Bxc4 bxc4 19. Nc3 Bc6 20. f3 Qc7 21. Qf2
Kh8 22. Bb6 Qb7 23. Bd4 f6 24. Ne2 Ba4 25. Rd2 e5 26. Be3 f5 27. exf5 Rxf5 28.
Nc3 Bc6 29. Rcd1 Rff8 30. Nd5 Bxd5 31. Rxd5 c3 32. Qc2 h6 33. R5d3 e4 34. Rxc3
exf3 35. Rxc8 Rxc8 36. Qg6 Rf8 37. Bxh6 f2+ 38. Kh2 Bf6 39. Rf1 Be5+ 40. Kh1
gxh6 41. Qxh6+ Kg8 42. Qe6+ Qf7 43. Qg4+ Qg7 44. Qc4+ Qf7 45. Qxa6 Qf4 0-1

[Event "Bad Woerishofen op"]
[Site "?"]
[Date "2000.??.??"]
[Round "3"]
[White "Buchner, Matthias"]
[Black "Thielemann, Joachim"]
[Result "0-1"]
[WhiteElo "1683"]
[BlackElo "1905"]
[Annotator "ChessOrg"]
[PlyCount "68"]
[EventDate "2000.??.??"]
[Source "ChessBase"]
[SourceDate "1998.04.29"]

1. e4 e5 2. Bc4 Nf6 3. d4 exd4 4. Nf3 d5 5. exd5 c5 6. Bg5 Qe7+ 7. Qe2 Nbd7 8.
Nbd2 h6 9. Bh4 Qxe2+ 10. Kxe2 Bd6 11. Rae1 O-O 12. Kd1 a6 13. Ne4 Nxe4 14. Rxe4
b5 15. Be2 Bb7 16. Be7 Rfe8 17. Bxd6 Rxe4 18. Bd3 Ree8 19. Bf5 Nf6 20. Bxc5
Bxd5 21. Bxd4 Bxf3+ 22. gxf3 Red8 23. c3 Rd6 24. Kc2 Re8 25. Bxf6 Re2+ 26. Kb3
Rxf6 27. Be4 Rxf2 28. Rd1 g6 29. h4 Rh2 30. Rd8+ Kg7 31. Ra8 Rxh4 32. Bb7 Ra4
33. c4 Rxc4 34. Bxa6 Rxf3# 0-1

[Event "Bad Woerishofen op"]
[Site "?"]
[Date "2000.??.??"]
[Round "5"]
[White "Buchner, Matthias"]
[Black "Vogel, Gerhard"]
[Result "1/2-1/2"]
[WhiteElo "1683"]
[BlackElo "1512"]
[Annotator "ChessOrg"]
[PlyCount "83"]
[EventDate "2000.??.??"]
[Source "ChessBase"]
[SourceDate "1998.04.29"]

1. e4 c5 2. Nf3 d6 3. d4 cxd4 4. Nxd4 Nf6 5. Nc3 e6 6. Bc4 a6 7. O-O Be7 8. Qe2
Qb6 9. Nb3 Bd7 10. Be3 Qc7 11. a3 h6 12. Rac1 Bc6 13. Bd3 Nbd7 14. Nd4 Ne5 15.
Nxc6 Qxc6 16. h3 Rc8 17. f4 Ned7 18. Bf2 O-O 19. Na2 d5 20. exd5 Qxd5 21. c4
Qc6 22. b4 Qc7 23. f5 e5 24. c5 Nb8 25. Bc4 Nc6 26. Rfe1 Nd7 27. Nc3 Bf6 28.
Nd5 Qb8 29. Rcd1 Rcd8 30. Qe4 Rfe8 31. Qg4 Bg5 32. h4 Nf6 33. Nxf6+ Bxf6 34.
Rxd8 Rxd8 35. Be3 Kf8 36. Qh5 Rd7 37. Rd1 Rxd1+ 38. Qxd1 Qc7 39. g3 Nd4 40.
Bxd4 exd4 41. Qf3 Be5 42. Kg2 1/2-1/2

[Event "Bad Woerishofen op"]
[Site "?"]
[Date "2000.??.??"]
[Round "7"]
[White "Buchner, Matthias"]
[Black "Finzer, Lothar"]
[Result "1-0"]
[WhiteElo "1683"]
[BlackElo "1800"]
[Annotator "ChessOrg"]
[PlyCount "37"]
[EventDate "2000.??.??"]
[Source "ChessBase"]
[SourceDate "1998.04.29"]

1. e4 c6 2. Nf3 d5 3. Nc3 Bg4 4. d4 dxe4 5. Nxe4 Bxf3 6. Qxf3 Qxd4 7. Be3 Qxb2
8. Bc4 e6 9. O-O Qe5 10. Rad1 Nf6 11. Nxf6+ Qxf6 12. Qg3 Qe7 13. Bf4 Nd7 14.
Rfe1 O-O-O 15. Bg5 Nf6 16. Be3 Ne4 17. Qe5 Rxd1 18. Rxd1 Nc5 19. Bf4 1-0

[Event "Bad Woerishofen op"]
[Site "Bad Woerishofen"]
[Date "2000.??.??"]
[Round "9"]
[White "Buchner, Matthias"]
[Black "Josting, Friedel"]
[Result "0-1"]
[WhiteElo "1683"]
[BlackElo "1790"]
[Annotator "ChessOrg"]
[PlyCount "58"]
[EventDate "1998.03.05"]
[Source "ChessBase"]
[SourceDate "1998.04.29"]

1. e4 c5 2. Nf3 e6 3. d4 cxd4 4. c3 d5 5. Qxd4 Nc6 6. Bb5 Bd7 7. Bxc6 bxc6 8.
exd5 cxd5 9. O-O Nf6 10. Bg5 Be7 11. Nbd2 h6 12. Bh4 Qc7 13. Bg3 Qb7 14. b3 Rc8
15. Rac1 Bc5 16. Qe5 O-O 17. h3 Rfd8 18. Bh4 Be7 19. Rfe1 Bb5 20. c4 dxc4 21.
Nxc4 Qa6 22. a4 Bxc4 23. Rxc4 Rxc4 24. bxc4 Qxc4 25. Qa5 a6 26. Bxf6 Bxf6 27.
Ne5 Qc8 28. f4 Rd4 29. g3 Bd8 0-1

[Event "Bad Woerishofen op"]
[Site "?"]
[Date "2000.??.??"]
[Round "1"]
[White "Budde, Reinhard"]
[Black "Schuler, Georg"]
[Result "0-1"]
[WhiteElo "1621"]
[BlackElo "1919"]
[Annotator "ChessOrg"]
[PlyCount "77"]
[EventDate "2000.??.??"]
[Source "ChessBase"]
[SourceDate "1998.04.29"]

1. e4 c5 2. Nf3 e6 3. d4 cxd4 4. Nxd4 a6 5. Nc3 Qc7 6. Be2 g6 7. Be3 Bg7 8. Qd2
Nc6 9. O-O Nge7 10. a3 b5 11. Nxc6 Qxc6 12. Rad1 Bb7 13. f3 Rd8 14. Qc1 O-O 15.
Rd3 Nc8 16. Rfd1 d6 17. Bh6 a5 18. Bxg7 Kxg7 19. Kh1 Ba6 20. b4 axb4 21. axb4
f6 22. f4 Nb6 23. f5 e5 24. Rh3 g5 25. Qe3 Nc4 26. Qf3 Qe8 27. Nd5 Rc8 28. Qf2
Qf7 29. Rh5 Bb7 30. h4 Bxd5 31. exd5 h6 32. Qf3 e4 33. Qh3 Rh8 34. Qg3 Ne5 35.
c3 Nd3 36. Kg1 Nf4 37. Qg4 Nxh5 38. hxg5 Rxc3 39. Qxe4 0-1

[Event "Bad Woerishofen op"]
[Site "?"]
[Date "2000.??.??"]
[Round "3"]
[White "Budde, Reinhard"]
[Black "Vogel, Gerhard"]
[Result "1/2-1/2"]
[WhiteElo "1621"]
[BlackElo "1512"]
[Annotator "ChessOrg"]
[PlyCount "122"]
[EventDate "2000.??.??"]
[Source "ChessBase"]
[SourceDate "1998.04.29"]

1. e4 c5 2. Nf3 d6 3. d4 cxd4 4. Nxd4 Nf6 5. Nc3 a6 6. Be2 e6 7. Be3 Be7 8. O-O
b5 9. a3 Bb7 10. f3 Nbd7 11. Qd2 Rc8 12. Rac1 Ne5 13. b3 Qc7 14. Nb1 d5 15.
exd5 Nxd5 16. Bf2 h6 17. Qe1 Bg5 18. Rd1 Ne3 19. Bxe3 Bxe3+ 20. Kh1 Bxd4 21.
Rxd4 Qxc2 22. a4 Qc5 23. Rd1 Ng6 24. axb5 axb5 25. b4 Qe5 26. Na3 Ba6 27. Bxb5+
Bxb5 28. Qxe5 Nxe5 29. Nxb5 O-O 30. Rfe1 Ng6 31. Nd6 Rc2 32. g3 Ne7 33. b5 Nd5
34. Ne4 Rb8 35. Rb1 Kf8 36. Red1 Ke7 37. Rd3 f5 38. Nd2 Nc3 39. Rb4 Nxb5 40.
Kg1 Rcc8 41. Rdb3 Rc5 42. Nc4 Kd7 43. f4 Kc7 44. Na3 Kc6 45. Nc4 Ra8 46. Ne5+
Rxe5 47. fxe5 Nc7 48. Rb6+ Kd5 49. Rb7 Ra1+ 50. Kg2 Rc1 51. Rd3+ Kc6 52. Rb8 g5
53. Rd6+ Kc5 54. Rc8 Kb5 55. Rxe6 g4 56. Rxh6 Rc2+ 57. Kf1 Rc1+ 58. Ke2 Rc2+
59. Kd3 Rc5 60. e6 Rd5+ 61. Kc2 Rc5+ 1/2-1/2

[Event "Bad Woerishofen op"]
[Site "?"]
[Date "2000.??.??"]
[Round "6"]
[White "Budde, Reinhard"]
[Black "Voegerl, Johann"]
[Result "1/2-1/2"]
[WhiteElo "1621"]
[BlackElo "1500"]
[Annotator "ChessOrg"]
[PlyCount "43"]
[EventDate "2000.??.??"]
[Source "ChessBase"]
[SourceDate "1998.04.29"]

1. e4 c5 2. Nf3 d6 3. d4 cxd4 4. Nxd4 Nf6 5. Nc3 a6 6. Be2 e6 7. Be3 Nbd7 8.
O-O Be7 9. f4 Qc7 10. f5 Nc5 11. Bd3 e5 12. Nb3 O-O 13. Nxc5 dxc5 14. Qf3 c4
15. Be2 b5 16. a3 Bb7 17. Nd5 Nxd5 18. exd5 Bf6 19. Qe4 Be7 20. Kh1 h6 21. Bf3
Rad8 22. Rad1 1/2-1/2

[Event "Bad Woerishofen op"]
[Site "?"]
[Date "2000.??.??"]
[Round "8"]
[White "Budde, Reinhard"]
[Black "Schuller, Erhard"]
[Result "1/2-1/2"]
[WhiteElo "1621"]
[BlackElo "1523"]
[Annotator "ChessOrg"]
[PlyCount "42"]
[EventDate "2000.??.??"]
[Source "ChessBase"]
[SourceDate "1998.04.29"]

1. e4 c5 2. Nf3 d6 3. d4 cxd4 4. Nxd4 Nf6 5. Nc3 a6 6. Bd3 Nc6 7. Nxc6 bxc6 8.
O-O e6 9. Be3 Be7 10. a3 O-O 11. h3 Qc7 12. f4 c5 13. Be2 Nxe4 14. Nxe4 d5 15.
Nf2 Bb7 16. Bf3 Rad8 17. Bc1 f6 18. Qe1 e5 19. Bd2 e4 20. Bxe4 dxe4 21. Ba5 Qc6
1/2-1/2

[Event "Bad Woerishofen op"]
[Site "?"]
[Date "2000.??.??"]
[Round "1"]
[White "Buesdorf, Konrad"]
[Black "Hausner, Alfreda"]
[Result "1-0"]
[WhiteElo "1952"]
[BlackElo "1670"]
[Annotator "ChessOrg"]
[PlyCount "73"]
[EventDate "2000.??.??"]
[Source "ChessBase"]
[SourceDate "1998.04.29"]

1. d4 d5 2. c4 c6 3. e3 a6 4. Nc3 Nf6 5. Nf3 e6 6. a3 Nbd7 7. Be2 Bd6 8. O-O
O-O 9. b4 b5 10. c5 Bc7 11. Bb2 e5 12. dxe5 Nxe5 13. Nxe5 Bxe5 14. Bf3 Bf5 15.
g3 Qe7 16. Qe2 Ra7 17. Rfe1 Ne4 18. Nxe4 Bxe4 19. Bxe4 dxe4 20. Bxe5 Qxe5 21.
Qd2 Qe7 22. Rad1 Rc8 23. Qd6 g6 24. Rd4 f5 25. Red1 Kf7 26. Qf4 Kg7 27. Rd6
Rcc7 28. R1d4 Qe8 29. g4 Rd7 30. gxf5 Rxd6 31. Rxd6 Rf7 32. f6+ Kg8 33. h4 h5
34. Qg5 Kh7 35. Qf4 Kg8 36. Qh6 Rh7 37. f7+ 1-0

[Event "Bad Woerishofen op"]
[Site "?"]
[Date "2000.??.??"]
[Round "3"]
[White "Buesdorf, Konrad"]
[Black "Malik, Heinz"]
[Result "1/2-1/2"]
[WhiteElo "1952"]
[BlackElo "1708"]
[Annotator "ChessOrg"]
[PlyCount "54"]
[EventDate "2000.??.??"]
[Source "ChessBase"]
[SourceDate "1998.04.29"]

1. d4 d5 2. c4 e6 3. e3 Nf6 4. Nc3 Be7 5. Nf3 Nbd7 6. Be2 dxc4 7. Bxc4 b6 8.
O-O O-O 9. d5 exd5 10. Nxd5 Bb7 11. Nxe7+ Qxe7 12. Qe2 Rad8 13. b3 Ne4 14. Bb2
Ndf6 15. Rad1 Nd6 16. Ba6 Be4 17. Ba3 c5 18. b4 Bxf3 19. Qxf3 Nde4 20. Rxd8
Rxd8 21. Rd1 Rxd1+ 22. Qxd1 cxb4 23. Bb2 Nc3 24. Qd3 Nfe4 25. Qc4 Qd7 26. h3
Qd1+ 27. Kh2 Qd6+ 1/2-1/2